[Event "ch-NED Open"]
[Site "Dieren NED"]
[Date "2003.07.26"]
[Round "5"]
[White "Diepeveen,V"]
[Black "Markus,J"]
[Result "0-1"]
[WhiteElo "2310"]
[BlackElo "2205"]

1.d4 d6 2.e4 Nf6 3.Nc3 e5 4.Nf3 Nbd7 5.Bc4 Be7 6.O-O h6 7.a4 c6 8.Ba2 Qc7
9.Nh4 Nf8 10.dxe5 dxe5 11.Nf5 Bxf5 12.exf5 Bc5 13.Qd3 Rd8 14.Qg3 g5 15.fxg6 Nxg6
16.Re1 Kf8 17.Nd1 Nf4 18.Be3 Bxe3 19.Qxe3 c5 20.Qxe5 Re8 21.Qc3 Rxe1+ 22.Qxe1 Nxg2
23.Kxg2 Rg8+ 24.Kf1 Qxh2 25.Ke2 Rg1 26.Qd2 Qh5+ 27.Kd3 Rg4 28.c3 Qf5+ 29.Ke2 Qh5
30.Qd6+ Kg7 31.f3 Rg2+ 32.Nf2 Ne4 33.Qd5 Rxf2+ 34.Ke3 Qxf3+  0-1

[Event "ch-NED Open"]
[Site "Dieren NED"]
[Date "2003.07.26"]
[Round "5"]
[White "Van Ruitenburg,J"]
[Black "Bosch van Rosenthal,J"]
[Result "1-0"]
[WhiteElo "2196"]
[BlackElo "2076"]

1.d4 d6 2.e4 Nf6 3.Nc3 e5 4.dxe5 dxe5 5.Qxd8+ Kxd8 6.Bg5 c6 7.O-O-O+ Ke8
8.Bc4 b5 9.Bxf6 gxf6 10.Nxb5 Na6 11.Nd6+ Bxd6 12.Rxd6 Ke7 13.Rxc6  1-0

[Event "3rd Savaria Summer Open"]
[Site "Szombathely HUN"]
[Date "2003.07.26"]
[Round "8"]
[White "Berczes,C"]
[Black "Varga,T"]
[Result "1/2-1/2"]
[WhiteElo "2310"]
[BlackElo "2162"]

1.e4 d6 2.d4 Nf6 3.Nc3 Nbd7 4.Nf3 e5 5.Bc4 Be7 6.O-O O-O 7.Re1 c6 8.a4 a5
9.b3 Qc7 10.Ba3 exd4 11.Nxd4 Nb6 12.Bf1 Re8 13.f4 Bd7 14.Bb2 Rad8 15.Qd2 Be6
16.g3 Bf8 17.Bg2 Bc8 18.Re2 Re7 19.Rae1 Nbd7 20.h3 Nc5 21.Kh2 Rde8 22.Re3 h6
23.R1e2 Kh8 24.Qe1 Kg8 25.Ba3 Qb6 26.Nf3 Nfd7 27.Nd2 Qc7 28.Nc4 b6 29.e5 dxe5
30.Nxe5 Nxe5 31.Bxc5 bxc5 32.Rxe5 Rxe5 33.Rxe5 Rxe5 34.Qxe5 Qxe5 35.fxe5 Bd7
36.Bf1 Be7 37.Kg2 Kf8 38.Bc4 Bf5 39.Bd3 Bd7 40.g4 Bg5 41.Kf3 g6 42.Ne4 Be7
43.Nf6 Be6 44.Be4 c4 45.bxc4 c5 46.Nd5 Bd8 47.Ke3 Bd7 48.Nc3 Bc7 49.Kf4 g5+
50.Ke3 Bxe5 51.Nb5 Ke7 52.Kf3  1/2-1/2

[Event "3rd Savaria Summer Open"]
[Site "Szombathely HUN"]
[Date "2003.07.26"]
[Round "8"]
[White "Chernyshov,K"]
[Black "Jovanovic,Zo2"]
[Result "1-0"]
[WhiteElo "2541"]
[BlackElo "2404"]

1.e4 d6 2.d4 Nf6 3.Nc3 Nbd7 4.f4 e5 5.Nf3 exd4 6.Qxd4 c6 7.Be3 d5 8.exd5 Bc5
9.Qd2 Qe7 10.Nd4 Ng4 11.O-O-O Nxe3 12.Re1 O-O 13.Rxe3 Qf6 14.Re4 Nb6 15.Nb3 cxd5
16.Nxd5 Nxd5 17.Nxc5 Qc6 18.Re5 Nf6 19.Nb3 Bg4 20.Bb5 Qc7 21.Rhe1 Rfd8 22.Qe3 Qd6
23.Be2 Rac8 24.Bxg4 Nxg4 25.Re8+ Rxe8 26.Qxe8+ Rxe8 27.Rxe8+ Qf8 28.Rxf8+ Kxf8
29.h3 Ne3 30.g3 h5 31.Nd4 Ke7 32.Ne2 Kf6 33.Kd2 Nf1+ 34.Kd3 g5 35.fxg5+ Kxg5
36.c4 f5 37.b4 Kf6 38.c5 Ke5 39.h4 a6 40.a3 a5 41.bxa5 Kd5 42.Nf4+ Kxc5 43.Nxh5 Kd5
44.Nf4+ Ke5 45.Ne2 Nh2 46.Kc4 Ke4 47.Kc5  1-0

[Event "3rd Savaria Summer Open"]
[Site "Szombathely HUN"]
[Date "2003.07.27"]
[Round "9"]
[White "Biro,Ge"]
[Black "Rat,D"]
[Result "1/2-1/2"]
[WhiteElo "2170"]
[BlackElo "2316"]

1.e4 d6 2.d4 Nf6 3.Nc3 e5 4.dxe5 dxe5 5.Qxd8+ Kxd8 6.Bc4 Be6 7.Bxe6 fxe6
8.Bg5 Bd6 9.O-O-O Ke7 10.f3 a6 11.Nh3 Nd7 12.Nf2 b5 13.Rd2 h6 14.Bh4 Rhb8
15.Rhd1 a5 16.Bg3 a4 17.Ne2 Nb6 18.b3 Ra6 19.f4 Nbd7 20.Kb1 Rba8 21.fxe5 Bxe5
22.Bxe5 Nxe5 23.Nd4 Rb8 24.Nf3 Nc6 25.g4 axb3 26.cxb3 Nb4 27.h4 Rba8 28.g5 hxg5
29.hxg5 Ne8 30.Rd7+ Kf8 31.Ne5 Rxa2 32.Ng6+ Kg8 33.Ne7+ Kf8  1/2-1/2

[Event "8th Open"]
[Site "Creon FRA"]
[Date "2003.07.29"]
[Round "2"]
[White "Sorbe,S"]
[Black "Badea,B"]
[Result "0-1"]
[WhiteElo "2258"]
[BlackElo "2499"]

1.e4 d6 2.d4 Nf6 3.Nc3 e5 4.Nf3 Nbd7 5.Be2 Be7 6.O-O O-O 7.h3 c6 8.Be3 b5
9.a3 a6 10.b4 Bb7 11.a4 Re8 12.axb5 axb5 13.d5 Rxa1 14.Qxa1 cxd5 15.exd5 Bxd5
16.Nxb5 Qb8 17.c4 Bxf3 18.gxf3 Nf8 19.Rb1 Qc8 20.Kh2 d5 21.c5 d4 22.Bd2 Qf5
23.Rg1 d3 24.Bd1 Ne6 25.Qc1 Nd5 26.Nd6 Bxd6 27.cxd6 Nef4 28.Rg3 Qd7 29.Qc5 Rd8
30.Bxf4 exf4 31.Rg5 Qxd6 32.Qd4 g6 33.b5 Nb6 34.Qe4 d2 35.Re5 Nc4 36.Re7 Nb2
37.Re8+ Rxe8 38.Qxe8+ Kg7 39.Qe2 Qd4 40.Kg2 Qc3 41.b6 Nxd1 42.b7 Nxf2 43.b8=Q d1=Q
44.Qee5+ Qxe5 45.Qxe5+ Kf8 46.Qh8+ Ke7 47.Qe5+ Kd7 48.Qb5+ Ke6 49.Qb6+ Qd6
50.Qxf2 Kf6 51.Kh2 Qe5 52.h4 Kg7 53.Qg2 Qe1 54.Qb2+ f6 55.Qb7+ Kh6 56.Qc8 Qxh4+
57.Kg2 Qg3+ 58.Kh1 Qe1+ 59.Kg2 Kg5 60.Qc6 Qe5  0-1

[Event "GM"]
[Site "Aarhus DEN"]
[Date "2003.07.30"]
[Round "4"]
[White "Jakubiec,A"]
[Black "Dworakowska,J"]
[Result "1-0"]
[WhiteElo "2537"]
[BlackElo "2382"]

1.d4 d6 2.e4 Nf6 3.Nc3 c6 4.g3 e5 5.Bg2 Be7 6.Nge2 Bg4 7.h3 Be6 8.b3 exd4
9.Nxd4 O-O 10.O-O Nbd7 11.Bb2 Nc5 12.f4 a5 13.a4 Bc8 14.Kh2 Re8 15.Qf3 Bf8
16.Rae1 Ne6 17.Nxe6 Bxe6 18.Rd1 Qb6 19.Ne2 Nd7 20.Bd4 Nc5 21.f5 Bc8 22.Nf4 Qc7
23.Nh5 Kh8 24.Qf4 Re5 25.Bxe5 dxe5 26.Qd2 Bd7 27.g4 Be8 28.Ng3 b5 29.axb5 cxb5
30.g5 a4 31.b4 Nd7 32.Rf3 Nb6 33.Bf1 Rc8 34.c3 a3 35.Ra1 Ra8 36.h4 f6 37.h5 fxg5
38.Qxg5 Be7 39.Qe3 Qd6 40.h6 gxh6 41.f6 Bxf6 42.Qf2 Nd7 43.Bxb5 Bg5 44.Rd3 Qe7
45.Bxd7 Bxd7 46.Qc5 Qe8 47.Kg2 Bf4 48.Qc7 Bb5 49.c4 Rc8 50.Qd6 Qf7 51.Rdxa3 Bc6
52.Rd1 Bb7 53.c5 h5 54.Qd7 Bxe4+ 55.Nxe4 Qg6+ 56.Ng3 Rg8 57.Qd3 Qg4 58.Ra7 Qxg3+
59.Qxg3 Bxg3  1-0

[Event "Open"]
[Site "Olomouc CZE"]
[Date "2003.07.30"]
[Round "1"]
[White "Rigo,G"]
[Black "Maslak,K"]
[Result "0-1"]
[WhiteElo "2052"]
[BlackElo "2439"]

1.e4 d6 2.d4 Nf6 3.Nc3 Nbd7 4.f4 e5 5.Nf3 exd4 6.Qxd4 c6 7.Bc4 d5 8.exd5 Bc5
9.Qd3 O-O 10.Nd4 Re8+ 11.Kf1 b5 12.Bb3 Bxd4 13.Qxd4 c5 14.Qd3 c4 15.Bxc4 bxc4
16.Qxc4 Nb6 17.Qc6 Ba6+  0-1

[Event "GM"]
[Site "Aarhus DEN"]
[Date "2003.07.31"]
[Round "5"]
[White "Skytte,R"]
[Black "Petrov,Marij"]
[Result "1-0"]
[WhiteElo "2404"]
[BlackElo "2475"]

1.d4 Nf6 2.Nc3 d6 3.e4 e5 4.Nf3 Nbd7 5.Bc4 Be7 6.O-O O-O 7.Re1 c6 8.a4 b6
9.d5 Bb7 10.dxc6 Bxc6 11.Bg5 Qc7 12.b3 a6 13.Qe2 Qb7 14.Rad1 Rfc8 15.Bxf6 Nxf6
16.Ng5 Be8 17.Nd5 Rc5 18.Bxa6 Qa7 19.Nxe7+ Qxe7 20.Bc4 Rac8 21.Qd3 h6 22.Nf3 Bxa4
23.Ba6 Rc3 24.Qxd6 Qxd6 25.Rxd6 Ra8 26.Rxb6 Bc6 27.Rxc6 Rxc6 28.Bb7 Rac8
29.Bxc6 Rxc6 30.Re2 Nd7 31.g3 Kf8 32.Kf1 Ke7 33.Nh4 g6 34.Ng2 Ke6 35.Ne3 f5
36.Nc4 Ra6 37.exf5+ Kxf5 38.f3 h5 39.Kf2 Ra1 40.h3 Rh1 41.g4+ Kf6 42.Rd2 Nc5
43.Kg2 Rc1 44.Ne3 Ne6 45.Nd5+ Kg5 46.gxh5 gxh5 47.c3 Kh4 48.b4 Ng5 49.b5 Nxh3
50.b6 Rg1+ 51.Kh2 Rg8 52.Ne7 Rb8 53.Rg2  1-0

[Event "8th Open"]
[Site "Creon FRA"]
[Date "2003.07.31"]
[Round "6"]
[White "Pujos,S"]
[Black "Badea,B"]
[Result "0-1"]
[WhiteElo "2338"]
[BlackElo "2499"]

1.e4 d6 2.d4 Nf6 3.Nc3 e5 4.Nf3 Nbd7 5.Bc4 Be7 6.O-O O-O 7.Re1 c6 8.a4 b6
9.Bg5 a6 10.Bxf6 Bxf6 11.d5 c5 12.Qd3 g6 13.g4 Bg7 14.h3 Nf6 15.Nh2 h5 16.Qg3 hxg4
17.hxg4 Bh6 18.f3 Nh7 19.Ne2 Rb8 20.Bd3 b5 21.axb5 axb5 22.b3 Bg5 23.Red1 Kg7
24.c4 bxc4 25.Bxc4 Rh8 26.Qf2 Qf6 27.Kg2 Bd7 28.Ra5 Bh4 29.Qe3 Ng5 30.Ng1 Rh6
31.Nf1 Nh7 32.Ra7 Bb5 33.Qc3 Bxc4 34.bxc4 Bg5 35.Ne2 Bf4 36.Nxf4 Qxf4 37.Qd2 Qf6
38.Ng3 Ng5 39.Ra3 Nh3 40.g5 Nf4+  0-1

[Event "Match"]
[Site "Dortmund GER"]
[Date "2003.07.31"]
[Round "1"]
[White "Baramidze,D"]
[Black "Belikov,V"]
[Result "1/2-1/2"]
[WhiteElo "2470"]
[BlackElo "2499"]

1.e4 d6 2.d4 Nf6 3.Nc3 e5 4.Nf3 Nbd7 5.Bc4 Be7 6.O-O O-O 7.Re1 c6 8.a4 a5
9.h3 exd4 10.Nxd4 Nc5 11.Bf4 Be6 12.Bxe6 fxe6 13.e5 Nd5 14.Nxd5 exd5 15.Bg3 Bh4
16.Qg4 Bxg3 17.Qxg3 dxe5 18.Qxe5 Re8 19.Qxe8+ Qxe8 20.Rxe8+ Rxe8 21.f3 Kf7  1/2-1/2

[Event "MTO"]
[Site "Biel SUI"]
[Date "2003.08.01"]
[Round "11"]
[White "Karjakin,Sergey"]
[Black "Pikula,D"]
[Result "1-0"]
[WhiteElo "2560"]
[BlackElo "2489"]

1.e4 d6 2.d4 Nf6 3.Nc3 e5 4.dxe5 dxe5 5.Qxd8+ Kxd8 6.Bc4 Ke8 7.Nf3 Bd6 8.Bg5 Nbd7
9.O-O-O a6 10.a4 Nb6 11.Bb3 Bg4 12.h3 Bxf3 13.gxf3 Nbd7 14.Rhg1 Kf8 15.a5 h6
16.Be3 Nc5 17.Bc4 Ne6 18.Nd5 Nxd5 19.Bxd5 Nd8 20.c3 g5 21.Kc2 Ke7 22.h4 f6
23.Rh1 c6 24.Bc4 Ne6 25.Bb6 Rac8 26.Rd3 Nc7 27.Rhd1 Rcd8 28.h5 Na8 29.Bxd8+ Rxd8
30.R3d2 Nc7 31.Bf1 g4 32.fxg4 Ne6 33.f3 Ng5 34.Be2 Ne6 35.Bc4 Ng5 36.Rd3 Nh3
37.Rf1 Nf4 38.Rd2 Nh3 39.b4 Ng5 40.Kb3 Rc8 41.Ka4 Rd8 42.Bb3 Rb8 43.c4 Rc8
44.Rfd1 Rd8 45.c5 Bc7 46.Rxd8 Bxd8 47.Rf1 Bc7 48.Bc4 Bb8 49.Kb3 Bc7 50.Kc3 Bb8
51.Kd3 Bc7 52.Ke3 Bb8 53.f4 exf4+ 54.Rxf4 Bxf4+ 55.Kxf4 Nh3+ 56.Kf5 Ng5 57.Bb3 Nf3
58.Kg6 Ne5+ 59.Kxh6 Kf8 60.g5 fxg5 61.Kxg5 Kg7 62.h6+ Kh7 63.Be6 Nd3 64.Bf5+ Kh8
65.Kf6 Nxb4 66.e5  1-0

[Event "It"]
[Site "Kramatorsk UKR"]
[Date "2003.08.01"]
[Round "6"]
[White "Lahno,Kateri"]
[Black "Efimenko,Z"]
[Result "1/2-1/2"]
[WhiteElo "2439"]
[BlackElo "2546"]

1.e4 d6 2.d4 Nf6 3.Nc3 e5 4.Nf3 Nbd7 5.Bc4 Be7 6.O-O O-O 7.h3 c6 8.a4 b6
9.Re1 Bb7 10.dxe5 dxe5 11.Qe2 a6 12.Bb3  1/2-1/2

[Event "Valoz Cup"]
[Site "Olomouc CZE"]
[Date "2003.08.01"]
[Round "4"]
[White "Toma,K"]
[Black "Chytilek,R"]
[Result "0-1"]
[WhiteElo "2210"]
[BlackElo "2406"]

1.e4 Nf6 2.Nc3 d6 3.d4 e5 4.Nf3 Nbd7 5.Bc4 Be7 6.O-O c6 7.a4 O-O 8.a5 Qc7
9.Re1 Rb8 10.d5 b5 11.axb6 Nxb6 12.Bb3 cxd5 13.exd5 a6 14.Qd3 Nbd7 15.Be3 Ng4
16.Ng5 Bxg5 17.Bxg5 Nc5 18.Qc4 Qb6 19.Be3 Nxe3 20.Rxe3 Nxb3 21.Na4 Qxe3 22.fxe3 Nxa1
23.b3 Bd7 24.Qc3 Bxa4 25.Qxa1 Bb5 26.c4 Ra8 27.cxb5 axb5 28.Qf1 Rfb8 29.h3 Ra2
30.Qd3 g6 31.Qc3 Rb6 32.Qc7 Rba6 33.Qb8+ Kg7 34.Qxb5 h5 35.h4 R6a5 36.Qc6 Rd2
37.Qxd6 Raxd5 38.Qb6 R5d3 39.Qc5 Rxb3 40.Qxe5+ Kh7 41.Qe7 Kg7 42.Qe5+ Kh7
43.Qe7 Rb1+ 44.Kh2 Rf1 45.Kh3 Re2 46.Kg3 Rf5 47.Kh3 Rff2 48.Qe8 Rf6 49.Qe7 Ref2
50.Kg3 Re6 51.Qa7 Rf5 52.Kh2 Re4 53.Kh3 Kg7 54.Kg3 Rfe5 55.Kh3 Rxe3+ 56.Kh2 R3e4
57.Kh3 Rf5 58.Qa1+ Kh7 59.Qa8 Rff4 60.g3 Re3 61.Qb7 Rf2  0-1

[Event "Open"]
[Site "Olomouc CZE"]
[Date "2003.08.02"]
[Round "4"]
[White "Shushpanov,V"]
[Black "Zapletal,J"]
[Result "1-0"]
[WhiteElo "2395"]
[BlackElo "2198"]

1.e4 d6 2.d4 Nf6 3.Nc3 e5 4.Nf3 Nbd7 5.Bc4 Be7 6.O-O O-O 7.Re1 c6 8.a4 a5
9.b3 Qc7 10.Bb2 Nb6 11.Be2 Bg4 12.h3 Bh5 13.Qd3 Bg6 14.Nh4 Bh5 15.Nf5 Bxe2
16.Nxe2 Rfe8 17.dxe5 dxe5 18.Qg3 Nh5 19.Bxe5 Nxg3 20.Bxc7 Nxf5 21.Bxb6 Bf6
22.Rad1 Rxe4 23.Ng3 Nxg3 24.fxg3 Rxe1+ 25.Rxe1 Kf8 26.Kf2 g6 27.Kf3 Be7 28.g4 f6
29.h4 Kf7 30.h5 Bb4 31.hxg6+ hxg6 32.Rh1 Rg8 33.Rh7+ Rg7 34.Rxg7+ Kxg7 35.Ke4 Be1
36.Kd3 Kh6 37.Be3+ Kg7 38.c3 b5 39.Bb6 Kh6 40.Bxa5 Kg5 41.Ke2 Bg3 42.Kf3 Be5
43.c4 bxa4 44.bxa4 Bd4 45.Bc7 f5 46.Bd8+ Kh6 47.a5  1-0

[Event "ch-Nordic w"]
[Site "Stockholm SWE"]
[Date "2003.08.02"]
[Round "1"]
[White "Olsen,M"]
[Black "Peicheva,E"]
[Result "0-1"]
[WhiteElo "2036"]
[BlackElo "2185"]

1.e4 d6 2.d4 Nf6 3.Nc3 Nbd7 4.Be3 e5 5.Bc4 Be7 6.f3 c6 7.Nge2 b5 8.Bb3 a6
9.a4 b4 10.Nb1 a5 11.Nd2 Qc7 12.O-O O-O 13.Nc4 Ba6 14.Bf2 exd4 15.Bxd4 d5
16.exd5 Nxd5 17.Ng3 Bc5 18.Ne4 Bxd4+ 19.Qxd4 Qf4 20.Rfe1 Bb7 21.Ncd6 Bc8
22.Rad1 N7b6 23.Nxc8 Rfxc8 24.Qc5 h5 25.Nd6 Nd7 26.g3 Qf6 27.Qd4 Qxd6 28.c4 bxc3
29.bxc3 Qc5 30.Kh1 Qxd4 31.Rxd4 N7f6 32.c4 Nb4 33.Re7 Re8 34.Rc7 Re3  0-1

[Event "ch-Nordic w"]
[Site "Stockholm SWE"]
[Date "2003.08.02"]
[Round "1"]
[White "Dalmau,A"]
[Black "Agrest,S"]
[Result "1-0"]
[WhiteElo "2090"]
[BlackElo "2238"]

1.e4 d6 2.d4 Nf6 3.Nc3 e5 4.Nf3 Nbd7 5.Bc4 Be7 6.O-O O-O 7.Re1 c6 8.a4 exd4
9.Nxd4 Nc5 10.h3 a5 11.Ba2 Qb6 12.Nb3 Nxb3 13.Bxb3 Be6 14.Be3 Qc7 15.Bxe6 fxe6
16.Qd4 e5 17.Qc4+ Kh8 18.Rad1 Qc8 19.Qb3 Nh5 20.Ne2 Nf4 21.Ng3 g6 22.Ne2 c5
23.Qc4 h5 24.Nxf4 exf4 25.Bd2 f3 26.Bh6 Rg8 27.Bd2 fxg2 28.Bc3+ Kh7 29.Qf7+ Kh6
30.Qxe7 Qxh3 31.Bd2+ g5 32.Qxd6+ Rg6 33.Qh2 Qe6 34.Qxg2 b6 35.e5 Rf8 36.Re4 Qf5
37.Rde1 Kg7 38.e6 h4 39.e7 Re8 40.Bc3+ Kh7 41.Qg4 Qxg4+ 42.Rxg4 Kh6 43.Rge4 Kh5
44.Rd1  1-0

[Event "Open"]
[Site "Olomouc CZE"]
[Date "2003.08.03"]
[Round "5"]
[White "Balabaev,T"]
[Black "Kasparova,T"]
[Result "1/2-1/2"]
[WhiteElo "2462"]
[BlackElo "2172"]

1.e4 d6 2.d4 Nf6 3.Nc3 e5 4.Nf3 Nbd7 5.Bc4 Be7 6.O-O O-O 7.Re1 c6 8.a4 b6
9.b3 Rb8 10.d5 cxd5 11.Nxd5 Nxd5 12.Bxd5 Nf6 13.Bc4 Bb7 14.Bd3 Qc7 15.Bb2 Nd7
16.Bc4 Nc5 17.Bd5 Rbc8 18.Rc1 Bc6 19.c4 Bxd5 20.cxd5 Qd7 21.Ba3 f5 22.Bxc5 Rxc5
23.Rxc5 bxc5 24.exf5 Qxf5 25.Qb1 Qxb1 26.Rxb1 Rf5  1/2-1/2

[Event "IPCA World Cup"]
[Site "Hrabyne CZE"]
[Date "2003.08.04"]
[Round "4"]
[White "Mayerhofer,H"]
[Black "Strakos,J"]
[Result "1/2-1/2"]
[WhiteElo "2203"]
[BlackElo "1978"]

1.e4 d6 2.d4 Nf6 3.Nc3 c6 4.Bd3 e5 5.Nf3 Bg4 6.Be3 Nbd7 7.O-O Be7 8.Be2 Qc7
9.a4 O-O 10.a5 Rfe8 11.d5 cxd5 12.exd5 a6 13.h3 Bf5 14.Nd2 Nc5 15.g4 Bg6
16.Nc4 Nfe4 17.Nxe4 Bxe4 18.Nb6 Rab8 19.c4 Nd7 20.b4 Nxb6 21.Bxb6 Qd7 22.Ra3 h5
23.gxh5 Qf5 24.Bg4 Qf4 25.Be3 Qf6 26.f4 exf4 27.Bxf4 Qb2 28.Rg3 Bh4 29.Qb3 Qd4+
30.Re3 Rbd8 31.Kh2 f5 32.Be2 Kh7 33.Rd1 Qa7 34.Rf1 Bf6 35.Rg3 Bxd5  1/2-1/2

[Event "US Open"]
[Site "Los Angeles USA"]
[Date "2003.08.04"]
[Round "2"]
[White "Stripunsky,A"]
[Black "Franett,M"]
[Result "1-0"]
[WhiteElo "2543"]
[BlackElo "2135"]

1.e4 d6 2.d4 Nf6 3.Nc3 e5 4.Nf3 Nbd7 5.Bc4 Be7 6.O-O O-O 7.a4 c6 8.Re1 b6
9.d5 Bb7 10.b3 Qc7 11.dxc6 Bxc6 12.Ba3 h6 13.Nh4 Nc5 14.Nf5 Rfe8 15.Qf3 Bd7
16.Nd5 Nxd5 17.Bxd5  1-0

[Event "10th Summer Open"]
[Site "Nice FRA"]
[Date "2003.08.04"]
[Round "1"]
[White "Djalal,B"]
[Black "Georgiev,Vl"]
[Result "0-1"]
[WhiteElo "2200"]
[BlackElo "2566"]

1.e4 d6 2.d4 Nf6 3.Nc3 e5 4.dxe5 dxe5 5.Qxd8+ Kxd8 6.Nf3 Bd6 7.Bc4 Ke7 8.Bg5 c6
9.O-O-O Nd7 10.Bxf7 Bc5 11.Bb3 Bxf2 12.Rhf1 Bb6 13.Nh4 Nc5 14.Nf5+ Bxf5 15.Rxf5 Bc7
16.Be3 Nxb3+ 17.axb3 Ke6 18.Rf3 Rhd8 19.Rdf1 Rd7 20.Bg5 Bd8 21.Na4 b6 22.Nc3 h6
23.Be3 Ng4 24.Bg1 Bg5+ 25.Kb1 Rad8 26.h3 Nf6 27.Be3 Bxe3 28.Rxe3 Nh5 29.g3 Rd2
30.Rf5 Nf6 31.g4 Rg2 32.b4 Rdd2 33.b5 Rxc2 34.bxc6 Rxb2+ 35.Ka1 Rbc2 36.Rf1 Kd6  0-1

[Event "10th Summer Open"]
[Site "Nice FRA"]
[Date "2003.08.05"]
[Round "3"]
[White "Paragua,M"]
[Black "Georgieva,Li"]
[Result "1-0"]
[WhiteElo "2500"]
[BlackElo "2249"]

1.e4 d6 2.d4 Nf6 3.Nc3 e5 4.Nf3 Nbd7 5.Bc4 Be7 6.O-O O-O 7.Re1 c6 8.a4 b6
9.d5 Bb7 10.dxc6 Bxc6 11.Bg5 Qc7 12.Qe2 Rac8 13.Ba6 Rcd8 14.Bb5 Bb7 15.Bxd7 Qxd7
16.Rad1 Ng4 17.Bc1 Qe6 18.a5 bxa5 19.h3 Nf6 20.Qb5 Rb8 21.Qxa5 a6 22.Ng5 Qc4
23.Rd3 Rfc8 24.b3 Qc7 25.Qa1 Rd8 26.Nf3 Rbc8 27.Bg5 Nh5 28.Bxe7 Qxe7 29.g3 g6
30.Qd1 Qc7 31.Nd2 f5 32.Nc4 fxe4 33.Rxd6 Rxd6 34.Qxd6 Qxd6 35.Nxd6 Rxc3 36.Nxb7 Rxc2
37.Rxe4 Kf7 38.Rxe5 Rc7  1-0

[Event "10th Summer Open"]
[Site "Nice FRA"]
[Date "2003.08.05"]
[Round "3"]
[White "Roussiere,C"]
[Black "Badea,B"]
[Result "0-1"]
[WhiteElo "2094"]
[BlackElo "2499"]

1.e4 d6 2.d4 Nf6 3.Nc3 e5 4.Bg5 Be7 5.Nf3 Nbd7 6.Bc4 O-O 7.O-O c6 8.a4 h6
9.Bxf6 Bxf6 10.d5 Be7 11.Qe2 Nf6 12.a5 Qc7 13.Nd2 Bd7 14.Bb3 Rab8 15.Kh1 b5
16.dxc6 Bxc6 17.Nd5 Bxd5 18.exd5 Rfe8 19.Rfd1 Nd7 20.c3 Nc5 21.Bc2 b4 22.c4 b3
23.Bb1 Rb4 24.Rc1 Bg5 25.Rc3 e4 26.Nf1 f5 27.Ne3 Qf7 28.g3 Reb8 29.Rc1 f4
30.gxf4 Qxf4 31.Rg1 Rf8 32.Rg2 Rbb8 33.Qd1 Qh4 34.Qe1 Rf3 35.Rg3 Bxe3 36.fxe3 Qf6
37.Rxf3 Qxf3+ 38.Kg1 Re8  0-1

[Event "Open"]
[Site "Olomouc CZE"]
[Date "2003.08.06"]
[Round "8"]
[White "Kayumov,S"]
[Black "Krapivin,V"]
[Result "1/2-1/2"]
[WhiteElo "2479"]
[BlackElo "2318"]

1.e4 d6 2.d4 Nf6 3.Nc3 e5 4.Nf3 Nbd7 5.Bc4 Be7 6.O-O O-O 7.Re1 c6 8.a4 b6
9.Ba2 a6 10.h3 Bb7 11.dxe5 dxe5 12.Nh4 Nc5 13.Nf5 b5 14.Qf3 b4 15.Bh6 g6
16.Rad1 Qc7 17.Nxe7+ Qxe7 18.Bxf8 Kxf8 19.Nb1 Nxa4 20.Qb3 Nb6 21.Nd2 a5 22.Nc4 a4
23.Qe3 Nxc4 24.Bxc4 Ba6 25.Bxa6 Rxa6 26.Qd3 Ra7 27.Qc4 c5 28.Rd3 Kg7 29.Red1 h5
30.Ra1 Ra5 31.Rad1 h4 32.Kh2 Qb7 33.Re3 Qe7 34.Red3 Qb7 35.Re3 Qe7 36.Red3  1/2-1/2

[Event "HZ Open"]
[Site "Vlissingen NED"]
[Date "2003.08.06"]
[Round "6"]
[White "Geirnaert,S"]
[Black "Vijayalakshmi,S"]
[Result "0-1"]
[WhiteElo "2284"]
[BlackElo "2435"]

1.e4 d6 2.d4 Nf6 3.Nc3 e5 4.dxe5 dxe5 5.Qxd8+ Kxd8 6.Bc4 Be6 7.Bxe6 fxe6
8.Bg5 Bb4 9.O-O-O+ Ke7 10.Nb5 Nd7 11.Ne2 a6 12.Nbc3 h6 13.Bh4 g5 14.Bg3 Nh5
15.f3 Bc5 16.Rd3 Nf4 17.Nxf4 exf4 18.Be1 Ne5 19.Rd1 Rad8 20.b3 Be3+ 21.Kb1 b5
22.a3 c5 23.Ka2 b4 24.axb4 cxb4 25.Rxd8 Rxd8 26.Nb1 a5 27.Rf1 Rc8 28.Kb2 Bd4+
29.Kc1 Nd3+ 30.Kd2 Nxe1 31.Rxe1 Kd6 32.Kd3 Be3 33.Rd1 Kc5 34.c3 e5 35.Kc2 Kb6
36.Rd6+ Rc6 37.Rd5 Bd4 38.c4 Rg6 39.h3 h5 40.c5+ Kc7 41.Nd2 g4 42.hxg4 hxg4
43.Nc4 gxf3 44.gxf3 Rg2+ 45.Kc1 a4 46.bxa4 b3 47.Kd1 b2 48.Na3 Rg1+ 49.Kc2 Rc1+
50.Kb3 b1=Q+ 51.Nxb1 Rxb1+ 52.Kc4 Rf1 53.a5 Rxf3 54.Kb4 Rf1  0-1

[Event "Sunstar Park Open"]
[Site "Davos SUI"]
[Date "2003.08.07"]
[Round "6"]
[White "Curien,N"]
[Black "Rukavina,J"]
[Result "1-0"]
[WhiteElo "2216"]
[BlackElo "2408"]

1.d4 d6 2.e4 Nf6 3.Nc3 Nbd7 4.Bg5 e5 5.Nf3 c6 6.Be2 Be7 7.O-O O-O 8.h3 Re8
9.Re1 Qc7 10.Qd2 b5 11.a3 a6 12.Rad1 Bb7 13.d5 cxd5 14.exd5 Nb6 15.Nxe5 Nfxd5
16.Nxd5 Nxd5 17.Ng4 Bf8 18.Bf3 Nb6 19.Bxb7 Qxb7 20.Qd4 Re6 21.Rxe6 fxe6 22.Ne3 Rc8
23.Qg4 Qf7 24.Rd4 Qg6 25.Re4 Re8 26.Qh4 h6 27.Bd8 Nd7 28.Rg4 Qh7 29.Ba5 Kh8
30.Bc3 Re7 31.Qh5 Nf6 32.Bxf6 gxf6 33.Rg6 f5 34.g4 f4 35.Ng2 Qf7 36.Nh4 Rc7
37.g5 Bg7 38.gxh6 Bf8 39.h7 Qxh7 40.Qg4 Rg7 41.Kh2 e5 42.Qe6 Qxh4 43.Rh6+ Qxh6
44.Qxh6+ Kg8 45.Qe6+ Kh7 46.Qf5+ Kg8 47.Qe4 Be7 48.Qa8+ Kh7 49.Qxa6 Bh4 50.Qxd6 Bxf2
51.Qxe5 Bg1+ 52.Kh1 Be3 53.Qxb5 Kh6 54.Qd5 Rg5 55.Qe4 Rg3 56.b4 Kg5 57.c4 Rxh3+
58.Kg2 Rg3+ 59.Kf1 Kg4 60.c5 Rf3+ 61.Ke2 Rf2+ 62.Kd3 Rd2+ 63.Kc3 Rd1 64.Qg2+ Kf5
65.c6 Ke5 66.b5 Kd6 67.a4 Rc1+ 68.Kb2 Kc5 69.Qe4 Kb6 70.Qxe3+  1-0

[Event "10th Summer Open"]
[Site "Nice FRA"]
[Date "2003.08.07"]
[Round "5"]
[White "Bucher,D"]
[Black "Georgiev,Vl"]
[Result "0-1"]
[WhiteElo "2351"]
[BlackElo "2566"]

1.d4 d6 2.e4 Nf6 3.Nc3 e5 4.dxe5 dxe5 5.Qxd8+ Kxd8 6.Bc4 Ke8 7.Nge2 c6 8.Ng3 b5
9.Be2 Na6 10.Bg5 Nd7 11.O-O g6 12.Bg4 Be7 13.Bxe7 Kxe7 14.Rfd1 Nb6 15.Bxc8 Rhxc8
16.a3 Nc5 17.f3 a5 18.Kf2 a4 19.Nf1 f5 20.exf5 gxf5 21.Na2 Ke6 22.Nd2 Ra7
23.Rac1 Rd7 24.Nb4 h5 25.Ke2 h4 26.Nf1 Rg7 27.Kf2 Nc4 28.Nd3 Nxd3+ 29.cxd3 Nd6
30.Ne3 c5 31.Rc3 Rgc7 32.Rdc1 Nb7 33.Kf1 Na5 34.Kf2 Nb3 35.Rd1 Rd8 36.Nc2 f4
37.Na1 Nxa1 38.Rxa1 c4 39.Rd1 Rcd7 40.Ke2 Rg8 41.Rg1 cxd3+ 42.Rxd3 Rxd3 43.Kxd3 h3
44.Ke2 Rxg2+ 45.Rxg2 hxg2 46.Kf2 e4 47.fxe4 f3 48.h4 Kf6 49.Kg1 Ke5 50.h5 Kf4
51.Kf2 Kg5  0-1

[Event "ch-Nordic w"]
[Site "Stockholm SWE"]
[Date "2003.08.07"]
[Round "6"]
[White "Berntsen,S"]
[Black "Agrest,S"]
[Result "0-1"]
[WhiteElo "2132"]
[BlackElo "2238"]

1.e4 d6 2.d4 Nf6 3.Nc3 e5 4.Nf3 Nbd7 5.Bc4 Be7 6.O-O O-O 7.Re1 c6 8.a4 a5
9.Ba2 exd4 10.Nxd4 Nc5 11.h3 Qb6 12.Kh1 Be6 13.Nxe6 fxe6 14.e5 Nd5 15.exd6 Bxd6
16.Qd4 Qc7 17.Bd2 Rad8 18.Ne4 Nxe4 19.Rxe4 b6 20.f3 Qf7 21.Bg5 Rde8 22.Rae1 Qg6
23.Bh4 Nf4 24.Qf2 Kh8 25.Qg3 Qh5 26.Qg4 Qc5 27.Bg3 h5 28.Qh4 g5 29.Bxf4 gxh4
30.Rc4 Qxc4 31.Bxd6 Qxa2  0-1

[Event "ch-SLO"]
[Site "Bled SLO"]
[Date "2003.08.08"]
[Round "7"]
[White "Bratovic,B"]
[Black "Tratar,M"]
[Result "1/2-1/2"]
[WhiteElo "2320"]
[BlackElo "2455"]

1.e4 d6 2.d4 Nf6 3.Nc3 e5 4.dxe5 dxe5 5.Qxd8+ Kxd8 6.Bc4 Ke8 7.Nf3 Bd6 8.Be3 a6
9.a4 h6 10.h3 Ke7 11.Nd5+ Nxd5 12.Bxd5 Nd7 13.Nd2 c6 14.Bc4 b6 15.Be2 Bb7
16.Nc4 Bc7 17.b4 Rad8 18.Bg4 b5 19.Bxd7 Kxd7 20.Nd2 Bd6 21.c3 Kc7 22.Ke2 Bc8
23.axb5 axb5 24.Ra7+ Bb7 25.Rha1 Ra8 26.Nb3 Rxa7 27.Rxa7 Ra8 28.Rxa8 Bxa8
29.Bc5 Bb7 30.Bxd6+ Kxd6 31.Nc5 Bc8 32.Ke3  1/2-1/2

[Event "ch-SLO"]
[Site "Bled SLO"]
[Date "2003.08.08"]
[Round "7"]
[White "Mazi,L"]
[Black "Grosar,A"]
[Result "1/2-1/2"]
[WhiteElo "2402"]
[BlackElo "2459"]

1.e4 d6 2.d4 Nf6 3.Nc3 e5 4.dxe5 dxe5 5.Qxd8+ Kxd8 6.Bc4 Ke8 7.Nf3 Bd6 8.Be3 a6
9.a4 Be6 10.Bxe6 fxe6 11.Nd2 Nc6 12.f3 Nd7  1/2-1/2

[Event "FSGM August"]
[Site "Budapest HUN"]
[Date "2003.08.08"]
[Round "7"]
[White "Todorovic,GM"]
[Black "Murariu,A"]
[Result "1/2-1/2"]
[WhiteElo "2461"]
[BlackElo "2389"]

1.e4 d6 2.d4 Nf6 3.Nc3 e5 4.Nf3 Nbd7 5.Bc4 Be7 6.O-O O-O 7.Re1 c6 8.a4 b6
9.b3 a6 10.Bb2 Bb7 11.Bd3 Re8 12.Qd2 Bf8 13.Rad1  1/2-1/2

[Event "ch-Nordic w"]
[Site "Stockholm SWE"]
[Date "2003.08.08"]
[Round "7"]
[White "Johnsen,Sy"]
[Black "Peicheva,E"]
[Result "0-1"]
[WhiteElo "2102"]
[BlackElo "2185"]

1.e4 d6 2.d4 Nf6 3.Nc3 e5 4.Nf3 Nbd7 5.Bc4 Be7 6.O-O O-O 7.Re1 c6 8.a4 b6
9.d5 c5 10.Nd2 a6 11.Nf1 Ne8 12.Ng3 g6 13.Bh6 Ng7 14.f4 Bf6 15.Ra3 exf4 16.Bxf4 Be5
17.Nge2 Nh5 18.g3 Re8 19.Bc1 Bg7 20.Nf4 Nhf6 21.Ne6 Qe7 22.Nc7 Ne5 23.Nxe8 Nxc4
24.Nxf6+ Bxf6 25.Rb3 Bh3 26.Qe2 Bd4+ 27.Kh1 Qf6 28.Nd1 b5 29.axb5 axb5 30.Rxb5 h5
31.Bg5 Qxg5 32.c3 Bg4 33.Qf1 Nd2 34.h4 Nxf1  0-1